000 00459nam a2200181 i 4500
001 bg
100 1 _aMILANOWSKI, Jerzy H.
245 0 _aPodstawy automatyki /
_cJerzy H. Milanowski, Andrzej B. Rasmus.
260 _aKoszalin,
_c1972.
650 9 _aAutomatyka
655 _aPodręczniki akademickie
700 1 _aRASMUS, Andrzej B.
040 _cBPK
041 _apol
080 _a681.5(075.8)
942 _cKS
008 s pl f |000 0 pol
999 _c666
_d666
856 _uhttp://koha.tu.koszalin.pl/cgi-bin/koha/opac-detail.pl?biblionumber=666
_yKatalog online BPK